| 000 | 00835cam a22002653a 4500 | ||
|---|---|---|---|
| 001 | 6467 | ||
| 003 | PGUSA | ||
| 005 | 20140828083133.0 | ||
| 008 | 060422s2006||||xxu|||||s|||||000 | eng d | ||
| 040 |
_aPGUSA _beng |
||
| 042 | _adc | ||
| 050 | 4 | _aE740 | |
| 100 | 1 |
_aRoosevelt, Theodore, _d1858-1919 |
|
| 245 | 1 | 0 |
_aLetters to His Children _h[electronic resource] / _cTheodore Roosevelt |
| 260 |
_bProject Gutenberg, _c2006 |
||
| 506 | _aPublic domain in the USA. | ||
| 516 | _aElectronic text | ||
| 653 | _aRoosevelt, Theodore, 1858-1919 -- Correspondence | ||
| 653 | _aPresidents -- United States -- Correspondence | ||
| 653 | _aChildren of presidents -- United States | ||
| 700 | 1 |
_aBishop, Joseph Bucklin, _d1847-1928 |
|
| 830 | 0 |
_aProject Gutenberg _v6467 |
|
| 856 | 4 | 0 | _uhttp://www.gutenberg.org/ebooks/6467 |
| 942 | _cEB | ||
| 999 |
_c235790 _d235790 |
||